FoxPro 2.0. Sbírka příkladů. Programování v LAN /

Salvato in:
Dettagli Bibliografici
Autore principale: Novotný, Josef (Autore)
Natura: Libro
Lingua:ceco
Pubblicazione: Praha : GComp, 1991
Tags: Aggiungi Tag
Nessun Tag, puoi essere il primo ad aggiungerne!!

MARC

LEADER 00000nam a22000003a 4500
001 stu32082
005 20150617225733.1
008 950316s1991----cs------------------cze-d
020 |a 80-901073-0-3 
040 |a STU  |b slo 
041 0 |a cze 
044 |a cs 
080 |a 681.3.066 
100 1 |a Novotný, Josef  |4 aut 
245 1 |a FoxPro 2.0. Sbírka příkladů. Programování v LAN /  |c [aut.] Novotný,Josef 
260 |a Praha :  |b GComp,  |c 1991 
300 |a 77 s 
996 |b J88382  |c J*88382  |l JJK3  |s P  |a 0  |w stu32082_0001